000 00532cam a2200181 4500500
005 20260405003832.0
041 _afre
042 _adc
100 1 0 _aMaillard, Denis
_eauthor
245 0 0 _aLa Surprise
260 _c2024.
500 _a89
690 _aÉtonnement
690 _aNatalie Depraz
690 _aPhénoménologie
786 0 _nPhilosophie magazine | 178 | 4 | 2024-04-01 | p. 46-46 | 1951-1787
856 4 1 _uhttps://shs.cairn.info/magazine-philosophie-magazine-2024-4-page-46?lang=fr&redirect-ssocas=7080
999 _c2071301
_d2071301